Страны по границам за 90 секунд - Statistics

General Stats
  • This quiz has been taken 42 227 times
  • The average score is 89 of 157
Answers on the Map
Answers color-coded by a green-red scale on the quiz's map according to % correct below.
 
Answer Stats
Страна % Correct
Россия
97%
Китай
96%
Казахстан
95%
Польша
95%
Беларусь
94%
Монголия
94%
Украина
94%
Франция
93%
Северная Корея
92%
Азербайджан
91%
Канада
91%
Норвегия
91%
Финляндия
91%
Соединённые >Штаты Америки
91%
Литва
89%
Мексика
89%
Бразилия
88%
Германия
87%
Грузия
87%
Латвия
87%
Пакистан
87%
Индия
86%
Мьянма
85%
Эстония
85%
Непал
84%
Бутан
83%
Ливия
83%
Суринам
83%
Швейцария
82%
Боливия
81%
Аргентина
80%
Перу
78%
Колумбия
77%
Парагвай
77%
Испания
76%
Турция
76%
Уругвай
76%
Судан
75%
Австрия
74%
Ирак
74%
Нигер
74%
Алжир
73%
Афганистан
73%
Иран
73%
Венесуэла
72%
Италия
71%
Бельгия
70%
Нидерланды
70%
Гайана
69%
Люксембург
69%
Мали
69%
Саудовская Аравия
68%
Дания
67%
Марокко
67%
Чехия
67%
Армения
65%
Болгария
65%
Венгрия
65%
Египет
65%
Чад
65%
Бангладеш
63%
Кыргызстан
63%
Румыния
63%
Туркменистан
63%
Чили
62%
Шри-Ланка
62%
Оман
61%
Великобритания
60%
Таджикистан
60%
Центрально-Африканская Республика
60%
Андорра
59%
Лаос
59%
Намибия
59%
Объединённые >Арабские Эмираты
59%
Южно-Африканская Республика
59%
Ботсвана
58%
Зимбабве
58%
Камерун
58%
Мавритания
58%
Мозамбик
58%
Израиль
57%
Южный Судан
57%
Греция
56%
Иордания
56%
Сирия
56%
Словения
56%
Сербия
55%
Катар
54%
Лесото
54%
Словакия
53%
Демократическая Республика Конго
53%
Вьетнам
52%
Нигерия
52%
Португалия
52%
Узбекистан
52%
Швеция
52%
Эсватини
51%
Йемен
50%
Республика Конго
50%
Тунис
49%
Кувейт
48%
Молдова
48%
Буркина Фасо
47%
Эфиопия
47%
Северная >Македония
47%
Замбия
46%
Малайзия
45%
Танзания
44%
Индонезия
43%
Кения
43%
Хорватия
42%
Ангола
41%
Ватикан
41%
Уганда
41%
Черногория
41%
Гватемала
40%
Ирландия
40%
Сан-Марино
40%
Сомали
40%
Бенин
39%
Папуа-Новая Гвинея
39%
Руанда
37%
Босния и Герцеговина
37%
Джибути
36%
Камбоджа
36%
Таиланд
36%
Албания
35%
Бурунди
35%
Восточный Тимор
35%
Косово
35%
Эквадор
35%
Панама
34%
Габон
32%
Коста-Рика
32%
Белиз
31%
Эритрея
31%
Монако
30%
Гондурас
28%
Гвинея
27%
Кот-д'Ивуар
27%
Никарагуа
26%
Сенегал
24%
Сальвадор
23%
Ливан
22%
Южная Корея
20%
Гаити
19%
Гана
19%
Доминиканская Республика
19%
Того
18%
Либерия
16%
Лихтенштейн
16%
Сьерра-Леоне
14%
Малави
13%
Гвинея-Бисау
12%
Экваториальная Гвинея
8%
Бруней
7%
Гамбия
7%
No matching quizzes found
Score Distribution
Percent of People with Each Score
Percentile by Number Answered
Your Score History
You have not taken this quiz